Engineering economics for capital investment analysis /

Đã lưu trong:
书目详细资料
主要作者: Au, Thomas P.
其他作者: Au, Tung
格式: Sách giấy
语言:English
出版: Paris : Hermes* , 1983
标签: 添加标签
没有标签, 成为第一个标记此记录!
Thư viện lưu trữ: Thư viện Trường Đại học Đà Lạt
LEADER 00592nam a2200253 4500
001 DLU020016895
005 ##1/2/2001
020 # # |a 978- 
041 # # |a eng 
082 # # |a 658.152  |b AU-T 
100 # # |a Au, Thomas P. 
245 # # |a Engineering economics for capital investment analysis /  |c Thomas P. Au, Tung Au 
260 # # |a Paris :  |b Hermes* ,  |c 1983 
300 # # |a 506 tr.;   |c 24 cm. 
700 # # |a Au, Tung 
992 # # |a 0 
994 # # |a DLU 
900 # # |a False 
911 # # |a Administrator 
925 # # |a G 
926 # # |a A 
927 # # |a SH 
980 # # |a Thư viện Trường Đại học Đà Lạt